000 00761nam a2200253Ia 4500
003 OSt
005 20220918171209.0
006 a|||||r|||| 00| 0
007 ta
008 220917b |||||||| |||| 00| 0 eng d
020 _a9781408110201 (pbk)
_c914.00
024 _a281,056
037 _b7180, 21/03/2014, Efficient Book Distributors
_cTextual
040 _aARTS
_cARTS
_beng
041 _2eng
_aeng
082 _aO111,2J73.AL, Q0
100 _aJohnson Ben
_915697
245 0 _aAlchemist
260 _aLondon
_bMethuen Drama UK
_c2010
300 _axiv,169p.
_ccm.
650 _aENGLISH LITERATURE
942 _hO111,2J73.AL, Q0
_cTEXL
_2CC
999 _c138271
_d138271